000 00379nam a22001457a 4500
999 _c193485
_d193485
008 221101b ||||| |||| 00| 0 eng d
082 _a920-SRI
100 _aSRIVASTAVA,SIGRUN
245 _aINDIA'S YOUNG HEROES
_hENGLISH
260 _aNEW DELHI
_bA.I.C.B
_cROHINI
270 _aA.I.C.B,ROHINI.NEW DELHI
300 _a.
_b.
_c12X13
490 _v1
942 _2ddc
_cBRLEN
_kS
_mSRI